Aproximación a la labor pedagógica de María de Maeztu (Registro nro. 62680)

Detalles MARC
000 -CABECERA
campo de control de longitud fija 00598nam a2200205 a 4500
005 - FECHA Y HORA DE LA ÚLTIMA TRANSACCIÓN
campo de control 20210219152856.0
008 - ELEMENTOS DE LONGITUD FIJA--INFORMACIÓN GENERAL
campo de control de longitud fija 991125n 000 0 spa u
035 ## - NÚMERO DE CONTROL DEL SISTEMA
Número de control de sistema UPN01000064684
100 ## - ASIENTO PRINCIPAL--NOMBRE PERSONAL
Nombre de persona GAMERO MERINO, Carmela, 1952-
222 ## - TÍTULO CLAVE
Título clave REVISTA ESPAÑOLA DE PEDAGOGIA
245 ## - MENCIÓN DE TÍTULO
Título Aproximación a la labor pedagógica de María de Maeztu
300 ## - DESCRIPCIÓN FÍSICA
Extensión 111-135
362 ## - FECHAS DE PUBLICACIÓN Y/O DESIGNACIÓN SECUENCIAL
Fecha de publicación y/o designación secuencial 1985 Año 43, no. 167, ene.-mar.
653 0# - TERMINO DE INDIZACION - NO CONTROLADO
Término no controlado EDUCACION DE MUJERES
653 0# - TERMINO DE INDIZACION - NO CONTROLADO
Término no controlado ESPAÑA
653 0# - TERMINO DE INDIZACION - NO CONTROLADO
Término no controlado MAESTROS
653 0# - TERMINO DE INDIZACION - NO CONTROLADO
Término no controlado MAEZTU WITHNEY, María de, 1882-1948
904 ## - ELEMENTOS DE DATOS D LOCAL, LDD (RLIN)
a AC
b 002495
905 ## - TIPO DE MATERIAL
Tipo de material Articulo

No hay ítems disponibles.